| 000 | 00000nam 2200000za 4500 |
| 001 | 9.816540 |
| 003 | CaOODSP |
| 005 | 20221107142256 |
| 007 | cr ||||||||||| |
| 008 | 160428s1989 onc |o f|0| 0 eng d |
| 020 | |z0-660-53439-8 |
| 040 | |aCaOODSP|beng |
| 041 | |aeng|afre |
| 043 | |an-cn--- |
| 086 | 1 |aCS89-509/1989-PDF |
| 245 | 04|aThe family in Canada |h[electronic resource] : |bselected highlights / |cpublished under the authority of the Minister of Supply and Services Canada. |
| 246 | 15|aFamille au Canada : faits saillants choisis |
| 260 | |aOttawa : |bStatistics Canada, |c1989. |
| 300 | |a[100] p. : |bcharts. |
| 500 | |aDigitized edition from print [produced by Statistics Canada]. |
| 500 | |a"January 1989." |
| 504 | |aIncludes bibliographical references. |
| 546 | |aText in English and French. |
| 692 | 07|2gccst|aFamily |
| 710 | 2 |aStatistics Canada. |
| 792 | |tThe family in Canada |efre|w(CaOODSP)9.816564 |
| 856 | 40|qPDF|s15.66 MB|uhttps://publications.gc.ca/collections/collection_2016/statcan/CS89-509-1989.pdf |